[Event "Medellin op"]
[Site "Medellin"]
[Date "2024.04.13"]
[Round "5"]
[White "Escobar Leon, Ramiro"]
[Black "Alvarado Torres, Pedro Nel"]
[Result "0-1"]
[WhiteElo "1716"]
[BlackElo "1600"]
[PlyCount "54"]
[EventDate "2024.04.10"]
[EventType "swiss"]
[EventRounds "7"]
[EventCountry "COL"]
[SourceTitle "EXT 2025"]
[Source "ChessBase"]
[SourceDate "2024.10.14"]
[SourceVersion "1"]
[SourceVersionDate "2024.10.14"]
[SourceQuality "1"]

1. e4 d5 2. exd5 Nf6 3. Nf3 Bg4 4. Be2 Nxd5 5. d4 e6 6. 0-0 Be7 7. c4 Nf6 8. Nc3 c6 9. Be3 Nbd7 10. Qb3 Qb6 11. Qc2 Bf5 12. Qd2 Qa5 13. a3 c5 14. b4 cxb4 15. axb4 Qxb4 16. Rfb1 Bxb1 17. Rxb1 Qa5 18. c5 Nd5 19. Nxd5 Qxd2 20. Bxd2 exd5 21. Rxb7 a6 22. c6 Nb8 23. Rd7 Nxd7 24. cxd7+ Kxd7 25. Bd1 Bd6 26. Ba4+ Ke7 27. Bc6 Rab8 0-1